000 00477nam a2200181Ia 4500
001 7425
005 20260306160454.0
008 260306t2008||||xx |||||||||||||| ||spa||
041 _aESP
082 _a338.985
_bJ53
100 _aJiménez, Félix
_eAUT
245 0 _aReglas y sostenibilidad de la política fiscal:
_blecciones de la experiencia peruana
260 _c2008
300 _a244 páginas :
_c24 cm.
650 _aGEN
654 _aCAN
942 _cLIB
_dJUS
_fJUS
_2ddc
_n
999 _c7425
_d7425